01073cam a2200265 a 450000100100000000500170001000800410002704000250006808200170009310000400011024000320015024500640018225000200024626000470026630000210031349000230033449000330035765000310039065000350042170000340045683000620049095201200055295201200067299900150079200000365420200929150522.0760618s1978 ag 000 f spa  aDO-SdBNPbspacBNPHU a813.54bE66c1 aErdman, Paul E.,d1932-2007.91120214aThe crash of'79.lEspañol10aColapso /cPaul E. Erdman ; traducción, Alicia Steimberg. a5a. impresión aBuenos Aires, Argentina :bEmecé,c1978. a350 p. ;c19 cm.1 aGrandes Novelistas1 aLa novela actual en el mundo 4aNovela estadounidense9262 4aLiteratura estadounidense92631 aSteimberg, Aliciaetr.911203 0aGrandes Novelistas.pLa novela actual en el mundo.911204 001052708MOaGRbGRcCTd2009-07-11iLF1l0o813.54 E66cp3654-10r2020-06-25w2020-06-25y2ZPréstamo interno 001052708MOaGRbGRcCTd2017-06-02iLF1l0o813.54 E66cp3654-20r2020-06-25w2020-06-25y2ZPréstamo interno c3477d3477